| 000 -LEADER |
| fixed length control field |
00742nam a22002297a 4500 |
| 001 - CONTROL NUMBER |
| control field |
19613 |
| 003 - CONTROL NUMBER IDENTIFIER |
| control field |
BD-DhUAP |
| 005 - DATE AND TIME OF LATEST TRANSACTION |
| control field |
20250702182539.0 |
| 008 - FIXED-LENGTH DATA ELEMENTS--GENERAL INFORMATION |
| fixed length control field |
210106s2000 bg a 001 0 eng d |
| 020 ## - INTERNATIONAL STANDARD BOOK NUMBER |
| International Standard Book Number |
9840753657 |
| 040 ## - CATALOGING SOURCE |
| Original cataloging agency |
BD-DhUAP |
| Language of cataloging |
Eng |
| Transcribing agency |
BD-DhUAP |
| Modifying agency |
BD-DhUAP |
| 082 04 - DEWEY DECIMAL CLASSIFICATION NUMBER |
| Classification number |
745.095492 GLA |
| Edition number |
23 |
| 100 1# - MAIN ENTRY--PERSONAL NAME |
| Personal name |
Glassie, Henry. |
| 245 10 - TITLE STATEMENT |
| Title |
Traditional art of Dhaka / |
| Statement of responsibility, etc. |
Henry Glassie. |
| 260 ## - PUBLICATION, DISTRIBUTION, ETC. |
| Place of publication, distribution, etc. |
Dhaka : |
| Name of publisher, distributor, etc. |
Bangla Academy, |
| Date of publication, distribution, etc. |
2000. |
| 300 ## - PHYSICAL DESCRIPTION |
| Extent |
511 pages : |
| Other physical details |
illustrations ; |
| Dimensions |
25 cm. |
| 500 ## - GENERAL NOTE |
| General note |
Reprint of Art and life in Bangladesh, Indiana University Press, 1997. |
| 650 0# - SUBJECT ADDED ENTRY--TOPICAL TERM |
| Topical term or geographic name entry element |
Folk art |
| Geographic subdivision |
Bangladesh. |
| 650 0# - SUBJECT ADDED ENTRY--TOPICAL TERM |
| Topical term or geographic name entry element |
Bangladesh |
| General subdivision |
Social life and customs. |
| 942 00 - ADDED ENTRY ELEMENTS (KOHA) |
| Koha issues (borrowed), all copies |
1 |
| Source of classification or shelving scheme |
|
| Koha item type |
Book |